00915cam a22002417a 4500003000500000005001700005008004100022010001000063011001000073035001000083040000900093100003800102245016200140260004100302300001000343502011500353650002100468650003900489650003800528650003400566650003600600650003700636CHAP20220329142629.0010920d2001 mx r 00110 spa d a85892 a86864 a97404 cCHAP00aVelázquez Martínez, Mauricio.10aEvaluación de la eficiencia productiva y reproductiva de vaquillas Holstein Friesian importadas a la Comarca Lagunerac/por Mauricio Velázquez Martínez aChapingo, Méx. :bEl autor,c2002. a52 h. aTesis (Ing. Agr. en Sistemas Pecuarios de Zonas Aridas) -- UACH. Unidad Regional Universitaria de Zonas Aridas14aGanado Friesian.14aGanado HolsteinxComarca Lagunera.14aGanado lecheroxComarca Lagunera.14aGanado lecheroxProducción.14aGanado lecheroxReproducción.14aGanado vacunoxComarca Lagunera.